Identity & Violence: The Illusion of Destiny (Record no. 23105)

MARC details
000 -LEADER
fixed length control field 00312nam a22001337a 4500
020 ## - INTERNATIONAL STANDARD BOOK NUMBER
ISBN 9780141027807
082 ## - DEWEY DECIMAL CLASSIFICATION NUMBER
Classification number 303.6012 SEN
100 ## - MAIN ENTRY--AUTHOR NAME
Author name Sen, Amartya
245 ## - TITLE STATEMENT
Title Identity & Violence: The Illusion of Destiny
260 ## - PUBLICATION, DISTRIBUTION, ETC. (IMPRINT)
Place of publication London
Name of publisher Penguin Books
Year of publication 2006
300 ## - PHYSICAL DESCRIPTION
Number of Pages 215
650 ## - SUBJECT ADDED ENTRY--TOPICAL TERM
Topical Term violence
942 ## - ADDED ENTRY ELEMENTS (KOHA)
Koha item type Books
Holdings
Collection code Home library Current library Shelving location Date acquired Source of acquisition Cost, normal purchase price Full call number Accession Number Koha item type
Non-fiction Henry Martyn Institute Library Henry Martyn Institute Library General stacks 09/15/2020 Dasgupta Publishers, Kolkata 499.00 303.6012 SEN 25794 Books
                   Copyright © 2026 | Henry Martyn Institute | Hyderabad | TS-500052 | INDIA | Implemented by hmi.edu.in
Hit-Count:

Powered by Koha